|
|
|
|
| LEADER |
00000nam0a2200000 4500 |
| 001 |
251777 |
| 005 |
20231101232703.0 |
| 010 |
|
|
|a 9785939729772
|
| 035 |
|
|
|a (RuTPU)RU\TPU\book\274088
|
| 090 |
|
|
|a 251777
|
| 100 |
|
|
|a 20140225d2014 m y0rusy50 ca
|
| 101 |
0 |
|
|a rus
|
| 102 |
|
|
|a RU
|
| 105 |
|
|
|a a j 001zy
|
| 200 |
1 |
|
|a Современная гидродинамика. Краткий курс
|e учебник
|f Г. Фалькович
|
| 210 |
|
|
|a Ижевск
|a Москва
|c Регулярная и хаотическая динамика
|d 2014
|
| 215 |
|
|
|a 194 с.
|c ил.
|
| 320 |
|
|
|a Библиогр.: с. 191-192.
|
| 320 |
|
|
|a Предметный указатель: с. 193-194.
|
| 330 |
|
|
|a Учебник представляет минимум того, что каждый физик и инженер должен знать о механике жидкости и газа, и предназначен как для тех, кто незнаком с предметом, так и для тех, кто думает, что знаком. Материал проиллюстрирован многочисленными картинками и 35 задачами с подробными решениями. Для студентов и аспирантов, научных работников и инженеров, а также для всех, интересующихся, почему дует ветер, не падают птицы и вода выливается из перевернутого стакана.Книга имеет свою страницу в Интернете, где можно найти дополнительные объяснения, рисунки и видео, задать вопрос и получить ответ:
|
| 606 |
1 |
|
|a Гидродинамика
|2 stltpush
|3 (RuTPU)RU\TPU\subj\6651
|9 34481
|
| 610 |
1 |
|
|a стационарные течения
|
| 610 |
1 |
|
|a гидростатика
|
| 610 |
1 |
|
|a законы сохранения
|
| 610 |
1 |
|
|a жидкости
|
| 610 |
1 |
|
|a движение
|
| 610 |
1 |
|
|a вязкость
|
| 610 |
1 |
|
|a течения Навье-Стокса
|
| 610 |
1 |
|
|a нестационарные течения
|
| 610 |
1 |
|
|a турбулентность
|
| 610 |
1 |
|
|a акустика
|
| 610 |
1 |
|
|a диспергирующие волны
|
| 610 |
1 |
|
|a нелинейное управление
|
| 610 |
1 |
|
|a нелинейные волны
|
| 610 |
1 |
|
|a линейные волны
|
| 610 |
1 |
|
|a задачи
|
| 610 |
1 |
|
|a решение
|
| 610 |
1 |
|
|a учебники
|
| 675 |
|
|
|a 532.5(075.8)
|v 3
|
| 700 |
|
1 |
|a Фалькович
|b Г.
|g Григорий
|
| 801 |
|
1 |
|a RU
|b 63413507
|c 20140225
|
| 801 |
|
2 |
|a RU
|b 63413507
|c 20150701
|g RCR
|
| 942 |
|
|
|c BK
|
| 959 |
|
|
|a 36/20140225
|d 5
|e 0
|f ЧЗТЛ:1
|f АНЛ:1
|f УФ:3
|
| 959 |
|
|
|a 116/20140702
|d 5
|e 320,00
|f ЧЗТЛ:1
|f АНЛ:1
|f УФ:3
|